书目信息 |
| 题名: |
电工维修全覆盖
|
|
| 作者: | 韩雪涛 主编 | |
| 分册: | ||
| 出版信息: | 北京 电子工业出版社 2019.09 |
|
| 页数: | XIII, 376页 | |
| 开本: | 26cm | |
| 丛书名: | ||
| 单 册: | ||
| 中图分类: | TM07 | |
| 科图分类: | ||
| 主题词: | 电工--dian gong--维修 | |
| 电子资源: | ||
| ISBN: | 978-7-121-37254-4 | |
| 000 | 01020nam0 2200229 450 | |
| 001 | 202020140415 | |
| 005 | 20200926181352.0 | |
| 010 | @a978-7-121-37254-4@dCNY128.00 | |
| 100 | @a20200918d2019 em y0chiy50 ea | |
| 101 | 0 | @achi |
| 102 | @aCN@b110000 | |
| 105 | @aa z 000yy | |
| 106 | @ar | |
| 200 | 1 | @a电工维修全覆盖@Adian gong wei xiu quan fu gai@f韩雪涛主编 |
| 210 | @a北京@c电子工业出版社@d2019.09 | |
| 215 | @aXIII, 376页@c图 (部分彩图)@d26cm | |
| 330 | @a本书在充分调研电工领域各岗位实际需求的基础上, 对电工电路基础, 电工常用工具与检修仪表的使用, 电工操作安全与触电急救, 常用低压电气部件的特点与检测, 常用电子元器件的特点与检测, 常用功能部件的特点与检测, 照明控制线路、供配电线路和电动机控制线路的特点与检修调试、家庭弱电线路的安装、调试与检测及变频器和PLC控制等相关知识进行汇总, 以国家职业资格标准为指导, 系统、全面地介绍电工综合技能。 | |
| 606 | 0 | @a电工@Adian gong@x维修 |
| 690 | @aTM07@v5 | |
| 701 | 0 | @a韩雪涛@Ahan xue tao@4主编 |
| 801 | 0 | @aCN@c20190924 |
| 905 | @a河南城建学院图书馆@dTM07@eH106 | |
| 电工维修全覆盖/韩雪涛主编.-北京:电子工业出版社,2019.09 |
| XIII, 376页:图 (部分彩图);26cm |
| ISBN 978-7-121-37254-4:CNY128.00 |
| 本书在充分调研电工领域各岗位实际需求的基础上, 对电工电路基础, 电工常用工具与检修仪表的使用, 电工操作安全与触电急救, 常用低压电气部件的特点与检测, 常用电子元器件的特点与检测, 常用功能部件的特点与检测, 照明控制线路、供配电线路和电动机控制线路的特点与检修调试、家庭弱电线路的安装、调试与检测及变频器和PLC控制等相关知识进行汇总, 以国家职业资格标准为指导, 系统、全面地介绍电工综合技能。 |
| ● |
| 相关链接 |
|
|
|
正题名:电工维修全覆盖
索取号:TM07/H106
 
预约/预借
| 序号 | 登录号 | 条形码 | 馆藏地/架位号 | 状态 | 备注 |
| 1 | 1490633 | 214906333 | 自科库301/301自科库 5排3列4层/ [索取号:TM07/H106] | 在馆 |